| 000 | 00520nam a2200169Ia 4500 | ||
|---|---|---|---|
| 999 |
_c36598 _d36598 |
||
| 003 | OSt | ||
| 005 | 20201223115239.0 | ||
| 008 | 190216s9999||||xx |||||||||||||| ||und|| | ||
| 040 | _coclc | ||
| 082 |
_a297.122594812 _bABD/V |
||
| 100 |
_a Abdul Hameed, Cheriyamundam _91843 |
||
| 245 | 0 |
_aVishudha Quran Malayalathil / _cCheriyamundam Abdul Hameed |
|
| 260 | _bPremier Book Company, | ||
| 300 | _a1143p | ||
| 650 | _aReferences | ||
| 942 |
_cREF _2ddc _h297.122594812 _iABD/V _k297.122594812 _mABD/V |
||